00767nam a22002297a 450000500170000001000130001702000100003003500130004003700160005304000120006908200130008110000430009424500550013726000510019227000610024330000280030465000210033265000210035394200220037499900190039695201220041520170124110042.0 aA-806328 c40.00 aA-806328 bCen Lib/Ret aDPLbEN a881bMAL aMalik, Angela Puri A.K.A Veena9101829 aThruth of life /cby Angela Puri A.K.A Veena Malik aNew DelhibDiamond Pocket Books (P) Ltd c1996 aX-30, Okhala Industrial Area, Phase-2bNew Delhie110020 a92p. : c20cm(Hb)bill. aTheosophy913091 aTheosophy913091 2ddccENh881mMAL c128634d128634 00104070aLbLd2015-07-03eCen Lib/Retg40.00l0o881 MALpA-806328r2015-07-03 00:00:00t1v40.00w2015-07-03yEN